Můj život /

Hlavní autor: Mahler-Werfel, Alma Maria, 1879-1964
Další autoři: Lorándová, Štefánia, 1919-2012
Jazyk: Čeština
Vydáno: Praha : Mladá fronta :Panorama, 1993
Vydání: 1. vyd.
Témata:
Externí odkaz: Digitalizovaný dokument
Fyzický popis: 373 s., fotogr. na příl.
Knihy
Uloženo v:
LEADER 01471nam a2200349 a 4500
001 000006818
003 CZ BrMZK
005 20170222062559.0
007 ta
008 940103s1993 xr f cze d
015 |a cnb000082987 
020 |a 80-204-0425-2  |c 93.00 
020 |a 80-7038-261-9 
040 |a BOA001  |b cze 
080 |a 929 Mahler-Werfel, Alma  |2 MRF 
100 1 |a Mahler-Werfel, Alma Maria,  |d 1879-1964  |7 jn19990005290 
245 1 0 |a Můj život /  |c Alma Mahlerová-Werfelová ; Z něm. orig. přel. Štefania Lorándová 
250 |a 1. vyd. 
260 |a Praha :  |b Mladá fronta :  |b Panorama,  |c 1993 
300 |a 373 s., fotogr. na příl. 
500 |a Dostupné též v digitální podobě v aplikaci Kramerius 
653 0 |a Mahler-Werfel, Alma 1879-1964 
655 4 |a vlastní životopisy 
700 1 |a Lorándová, Štefánia,  |d 1919-2012  |7 ola2009522956 
765 0 |t Mein Leben  |9 Česky 
856 4 1 |u http://www.digitalniknihovna.cz/mzk/uuid/uuid:ae6e0270-ac6f-11e4-a7a2-005056827e51  |y Digitalizovaný dokument  |x NDK 
910 |a BOA001  |b 2-0996.715 
964 |a Mahler-Werfel, Alma - životopisy vlastní 
990 |a BK 
996 7 |b 2610006044  |c 2-0996.715  |l MZK  |r Sklad / do 1 hodiny  |n 51  |p p.v.  |w 000006818  |u 000010  |a 1  |e BOA001  |j MZK50  |s A 
996 6 |b 2610006045  |c 2-0996.715  |l MZK  |r Sklad / do 1 hodiny  |n 5  |w 000006818  |u 000020  |a 1  |e BOA001  |j MZK50  |s P 
996 7 |b 2610696855  |c 2-0996.715  |l MZK  |r Sklad / do 1 hodiny  |n 2  |p dar  |w 000006818  |u 000030  |a 1  |e BOA001  |j MZK50  |s A